000 00659nam a2200265Ia 4500
005 20260121171047.0
008 008 260114s9999 xx 000 0 eng d
020 _a9783030049461
037 _aEBOOK
040 _aCRL
040 _beng
040 _cCRL
041 _2eng
041 _aeng
084 _qCRL
100 _aHuimin Lu
_91071536
245 0 _aCognitive Internet of Things: Frameworks, Tools and Applications
260 _bSpringer
260 _bSpringer
260 _c2020
856 _uhttps://link.springer.com/openurl?genre=book&isbn=978-3-030-04946-1
942 _cEBOOK
999 _c1637266
_d1637266